[Event "Moron Philidor CC U2200 15th"]
[Site "Buenos Aires"]
[Date "2017.09.21"]
[Round "6"]
[White "Granillo, Eloy Hernan"]
[Black "Cisneros, Juan"]
[Result "0-1"]
[WhiteElo "1359"]
[BlackElo "1673"]
[PlyCount "41"]
[EventDate "2017.09.12"]
[EventType "swiss"]
[EventRounds "7"]
[EventCountry "ARG"]
[SourceTitle "CBM 180 Extra"]
[Source "ChessBase"]
[SourceDate "2017.10.06"]
[SourceVersion "1"]
[SourceVersionDate "2017.10.06"]
[SourceQuality "1"]

1. e4 e5 2. Nf3 d6 3. Nc3 Bg4 4. Be2 c6 5. h3 Bxf3 6. Bxf3 Nf6 7. 0-0 Be7 8. d3 h6 9. Be3 Nbd7 10. d4 Qc7 11. a3 Nh7 12. Bg4 Bg5 13. f4 exf4 14. Bxf4 Bxf4 15. Rxf4 Ndf6 16. Qf1 Nxg4 17. Rxg4 Rg8 18. e5 dxe5 19. dxe5 0-0-0 20. Qf5+ Kb8 21. Qxh7 0-1

[Event "Philidor CC op 14th"]
[Site "Moron"]
[Date "2017.07.25"]
[Round "5"]
[White "Cisneros, Juan"]
[Black "Diaz, Adolfo1111"]
[Result "1-0"]
[WhiteElo "1717"]
[BlackElo "1360"]
[PlyCount "50"]
[EventDate "2017.07.18"]
[EventType "swiss"]
[EventRounds "7"]
[EventCountry "ARG"]
[SourceTitle "EXT 2019"]
[Source "ChessBase"]
[SourceDate "2018.10.10"]
[SourceVersion "1"]
[SourceVersionDate "2018.10.10"]
[SourceQuality "1"]

1. d4 e6 2. Nf3 d5 3. g3 Nf6 4. Bg2 Bb4+ 5. c3 Bd6 6. 0-0 c5 7. dxc5 Bxc5 8. b4 Bd6 9. Be3 b6 10. a4 0-0 11. Na3 Bd7 12. Nb5 Bxb5 13. axb5 Nbd7 14. Nd4 Nb8 15. Ra4 Ne4 16. Qa1 Qc8 17. Bxe4 dxe4 18. Rc1 Rd8 19. Qb1 f5 20. Bg5 Re8 21. Qb3 a5 22. Rca1 Be5 23. e3 Bxd4 24. exd4 Qd7 25. bxa5 Ra7 1-0

[Event "Moron Philidor CC U2200"]
[Site "Moron"]
[Date "2016.09.22"]
[Round "6"]
[White "Coria, Miguel"]
[Black "Cisneros, Juan"]
[Result "1-0"]
[WhiteElo "1556"]
[BlackElo "1811"]
[PlyCount "125"]
[EventDate "2016.09.13"]
[EventType "swiss"]
[EventRounds "7"]
[EventCountry "ARG"]
[SourceTitle "CBM 174 Extra"]
[Source "ChessBase"]
[SourceDate "2016.10.10"]
[SourceVersion "1"]
[SourceVersionDate "2016.10.10"]
[SourceQuality "1"]

1. Nf3 d5 2. d4 Nc6 3. c3 Bg4 4. Nbd2 Nf6 5. g3 Qd7 6. Bg2 Bh3 7. 0-0 Bxg2 8. Kxg2 0-0-0 9. Nb3 b6 10. Qd3 Nb8 11. a4 Qe6 12. a5 Kd7 13. Ng5 Qg4 14. Nxf7 Qe4+ 15. Qxe4 Nxe4 16. Nxh8 Ke6 17. axb6 cxb6 18. Rxa7 g6 19. Bf4 Nd7 20. Rfa1 Bg7 21. Nxg6 hxg6 22. Ra8 Rxa8 23. Rxa8 g5 24. Be3 Bf6 25. h3 Nd6 26. Nd2 b5 27. g4 Nb6 28. Nb3 Nxa8 29. f4 gxf4 30. Bxf4 Ne4 31. Kf3 Nb6 32. Nc5+ Nxc5 33. dxc5 Na4 34. Bc1 Nxc5 35. g5 Bg7 36. Ke3 Kf5 37. Kf3 e5 38. h4 e4+ 39. Kg3 Nd7 40. h5 Be5+ 41. Kh4 d4 42. cxd4 Bxd4 43. h6 Kg6 44. e3 Be5 45. b4 Bd6 46. Bd2 Be7 47. h7 Bxg5+ 48. Kh3 Bf6 49. Kg4 Kxh7 50. Kf5 Kg7 51. Ke6 Nb8 52. Kd6 Na6 53. Kc6 Be5 54. Be1 Bf6 55. Kb7 Bd8 56. Kxa6 Kf6 57. Kxb5 Ke6 58. Kc6 Be7 59. b5 Bf6 60. b6 Be5 61. b7 Ke7 62. Ba5 Ke8 63. Bc7 1-0

[Event "Moron Philidor CC U2200"]
[Site "Moron"]
[Date "2016.09.15"]
[Round "2"]
[White "Diaz, Carlos Ezequiel"]
[Black "Cisneros, Juan"]
[Result "1/2-1/2"]
[WhiteElo "1646"]
[BlackElo "1811"]
[PlyCount "79"]
[EventDate "2016.09.13"]
[EventType "swiss"]
[EventRounds "7"]
[EventCountry "ARG"]
[SourceTitle "CBM 174 Extra"]
[Source "ChessBase"]
[SourceDate "2016.10.10"]
[SourceVersion "1"]
[SourceVersionDate "2016.10.10"]
[SourceQuality "1"]

1. e4 e5 2. Nf3 d6 3. d4 Bg4 4. dxe5 Bxf3 5. Qxf3 dxe5 6. Bc4 Qe7 7. Qb3 Qb4+ 8. c3 Qxb3 9. Bxb3 Nd7 10. 0-0 0-0-0 11. Bxf7 Bc5 12. b4 Bb6 13. a4 a6 14. Nd2 Nh6 15. Bh5 Nf6 16. Bf3 Rd3 17. c4 Rhd8 18. c5 Ba7 19. Ra2 Nf7 20. Re1 Ng5 21. Be2 R3d4 22. Nb1 h6 23. Bxg5 hxg5 24. Rb2 a5 25. bxa5 Rxa4 26. c6 b6 27. Ba6+ Kb8 28. axb6 Bxb6 29. Bb7 Nxe4 30. Rbe2 Rad4 31. Na3 Rb4 32. g3 Nd6 33. Rxe5 Rb2 34. R1e2 Rxe2 35. Rxe2 Nxb7 36. cxb7 Kxb7 37. Re5 Rd7 38. Kg2 Rd2 39. Rf5 Rd3 40. Nc4 1/2-1/2